| Tag |
First Indicator |
Second Indicator |
Subfields |
| LEADER |
00000cam a2200000 i 4500 |
| 001 |
in00004032371 |
| 006 |
m o d f |
| 007 |
cr b|||||a|||| |
| 008 |
181018s2018 dcua ob f000 0 eng c |
| 005 |
20240130183658.2 |
| 035 |
|
|
|a (OCoLC)on1057362859
|
| 040 |
|
|
|a GPO
|b eng
|e rda
|e pn
|c GPO
|d MvI
|
| 042 |
|
|
|a pcc
|
| 043 |
|
|
|a n-us---
|
| 049 |
|
|
|a WWW
|
| 074 |
|
|
|a 1037-D (online)
|
| 086 |
0 |
|
|a Y 4.G 74/9:AL 4
|
| 110 |
1 |
|
|a United States.
|b Congress.
|b Senate.
|b Committee on Homeland Security and Governmental Affairs.
|b Permanent Subcommittee on Investigations,
|0 https://id.loc.gov/authorities/names/n2005025809
|e author.
|
| 245 |
1 |
0 |
|a Oversight of the care of unaccompanied alien children :
|b staff report /
|c Permanent Subcommittee on Investigations, United States Senate.
|
| 264 |
|
1 |
|a [Washington, D.C.] :
|b United States Senate, Permanent Subcommittee on Investigations, Committee on Homeland Security and Governmental Affairs,
|c [2018]
|
| 300 |
|
|
|a 1 online resource (52 pages) +
|e 1 appendix (188 pages : color illustrations)
|
| 336 |
|
|
|a text
|b txt
|2 rdacontent
|
| 337 |
|
|
|a computer
|b c
|2 rdamedia
|
| 338 |
|
|
|a online resource
|b cr
|2 rdacarrier
|
| 588 |
|
|
|a Description based on online resource; title from PDF title screen (HSGAC web site, viewed on Oct. 18, 2018).
|
| 504 |
|
|
|a Includes bibliographical references.
|
| 500 |
|
|
|a GPO Cataloging Record Distribution Program (CRDP).
|
| 610 |
1 |
0 |
|a United States.
|b Office of Refugee Resettlement.
|0 https://id.loc.gov/authorities/names/n82159394
|
| 650 |
|
0 |
|a Unaccompanied immigrant children
|x Government policy
|z United States.
|
| 650 |
|
0 |
|a Illegal immigration
|x Government policy
|z United States.
|
| 650 |
|
0 |
|a Noncitizen children
|x Government policy
|z United States.
|
| 650 |
|
0 |
|a Unaccompanied immigrant children
|x Services for
|z United States.
|
| 650 |
|
0 |
|a Noncitizen children
|x Services for
|z United States.
|
| 856 |
4 |
0 |
|u https://purl.fdlp.gov/GPO/gpo110287
|t 0
|
| 999 |
f |
f |
|s 17da5a92-649a-3835-bbc0-58d2ab4f5776
|i 9ae4b81a-18fd-383a-a6ae-c2c2f2cd5d55
|t 0
|
| 952 |
f |
f |
|a Texas A&M University
|b College Station
|c Electronic Resources
|d Available Online
|t 0
|e Y 4.G 74/9:AL 4
|h Superintendent of Documents classification
|
| 998 |
f |
f |
|a Y 4.G 74/9:AL 4
|t 0
|l Available Online
|